Statistics for Jumpin Jack Flash - Rolling Stones Lyrics

Click here to take the quiz!

General Stats

  • This quiz has been taken 196 times
  • The average score is 120 of 166

Answer Stats

Answer% Correct
Flash
99%
I
99%
a
98%
Jack
98%
Jumpin
98%
it's
94%
It's
94%
its
94%
in
91%
was
89%
gas
88%
born
80%
all
79%
hurricane
79%
right
77%
now
76%
the
76%
And
74%
and
74%
But
72%
to
70%
cross-fire
65%
fact
65%
my
64%
rain
54%
for
53%
by
52%
down
51%
yeah
51%
with
50%
I'm
48%
at
47%
raised
47%
driving
44%
back
43%
head
42%
hag
41%
up
41%
across
40%
of
39%
dead
35%
schooled
35%
through
35%
toothless
35%
bearded
34%
howled
34%
left
34%
fell
33%
strap
33%
they
33%
spike
31%
feet
30%
saw
28%
Jumping
27%
washed
27%
bled
23%
drowned
23%
crowned
21%
bread
16%
crust
16%
morning
15%
frowned
14%
crumbs
11%

Score Distribution

Percentile by Number Answered

Percent of People with Each Score

Your Score History

You have not taken this quiz